000 00595cam a2200181 a 4500
001 14833948
005 20250218122939.0
008 070504s2007 miu b 000 0 eng
020 _a9780802827371 (pbk. : alk. paper)
020 _a0802827373 (pbk. : alk. paper)
050 0 0 _aBS2665.54
_b.R88 2007
082 0 0 _a252
_222
100 1 _aRutledge, Fleming.
245 1 0 _aNot ashamed of the Gospel :
_bsermons from Paul's letter to the Romans /
_cFleming Rutledge.
260 _aGrand Rapids, Mich. :
_bWilliam B. Eerdmans Pub. Co.,
_c2007.
300 _ax, 411 p. ;
_c23 cm.
942 _2lcc
_cBK
_n0
999 _c3934
_d3934